00238 a2200109 4500001000700000020000600007040001100013100002400024240003800048245003300086362000900119181650 a  cMagnum aOliveira, Santos de10aA inspetora e o piano malucolpor10aA inspetora e o piano maluco0 a1899